000 01194nam0a22002891 4500
001 rc\4521551
005 20250611190421.0
021 _aRU
_b68-86366
021 _aRU
_bРг327-69
035 _a(NLR Aleph) 008351067
090 _a8937900
_c8937900
100 _a20130416d1968 |||y0rusy50 ca
101 0 _arus
102 _aRU
105 _ay z |||||
200 1 _aК вопросу о связи лигнина с углеводами в древесине
_fМ-во высш. и сред. спец. образования РСФСР. Ленингр. ордена Ленина лесотехн. акад. им. С.М. Кирова
210 _aЛенинград
_cБ. и.
_d1968
215 _a1 л., слож. в 5 с.
_d29
225 1 _aХимия древесины
_eДоклады Советско-финского симпозиума 12-14 июня 1968 г.
700 1 _aКирюшина
_bМ.Ф.
701 1 _7ca
_8rus
_aТищенко
_bД. В.
_cхимик
_f1896-1969
_gДмитрий Вячеславович
_9134973
_3RU\NLR\AUTH\770135007
801 0 _aRU
_bNLR
_gpsbo
801 1 _aRU
_bELAR
_2rusmarc
852 _aNLR
_j69-8/69
942 _cBOOK
980 _aNB